000 01745nam a22002537a 4500
999 _c61246
_d61246
003 Ge_BSU
005 20240110121519.0
008 240110s2023 ge ||||| |||| 00| 0 geo d
020 _a9789941289491
041 _ageo
080 _a69(038)+ 81'374.26:69=353.1 გ-44
100 _aგვიშიანი, ზურაბ
_921018
245 _aსამშენებლო ტერმინების მოკლე განმარტებითი ლექსიკონი /
_c ზურაბ გვიშიანი, თამაზ ხმელიძე ; სამეცნიერო რედაქტორი მერაბ ნიკოლაიშვილი ; საქართველოს ტექნიკური უნივერსიტეტი.
264 _aთბილისი :
_bტექნიკური უნივერსიტეტი,
_c2023.
300 _a222 გვ. ;
_b24 სმ
501 _aთავფურცლის მე-3 გვერდი ინგლისურ ენაზე.
504 _aბიბლიოგრაფია: გვ. გვ. 220-221.
653 _aსამშენებლო საქმე
653 _aსამშენებლო ტერმინების ლექსიკონი
700 _aხმელიძე, თამაზ
_eავტორი
_921019
700 _aნიკოლაიშვილი, მერაბ,
_eსამეცნიერო რედაქტორი
_921020
710 _aსამეცნიერო რედაქტორი. საქართველოს ტექნიკური უნივერსიტეტი.
_921021
942 _2udc
_cᲬᲘᲒᲜᲘ